Philosophy Quotes: Who Said What - Statistics

General Stats
  • This quiz has been taken 49 times
  • The average score is 5 of 15
Answer Stats
Quote Name % Correct
"I think, therefore I am." Rene Descartes
91%
"The unexamined life is not worth living." Socrates
82%
"I know that I know nothing." Socrates
82%
"We are what we repeatedly do. Excellence, then, is not an act, but a habit." Aristotle
59%
"Man is condemned to be free." Jean-Paul Sartre
34%
"Man is condemned to be free; because once thrown into the world, he is responsible for everything he does." Jean-Paul Sartre
34%
"On the day when it will be possible for woman to love not in her weakness but in her strength... on that day love will become for her, as for man, a source of life and not of mortal danger." Simone de Beauvoir
25%
"The only way to deal with an unfree world is to become so absolutely free that your very existence is an act of rebellion.: Albert Camus
18%
"You could not step twice into the same river." Heraclitus
18%
"The ideal subject of totalitarian rule is not the convinced Nazi or the dedicated communist, but people for whom the distinction between fact and fiction, true and false, no longer exists." Hannah Arendt
11%
"I dreamed I was a butterfly, flitting around in the sky... Now I wonder: Am I a man who dreamt of being a butterfly, or am I a butterfly dreaming that I am a man?" Zhuangzi
7%
"This is patently absurd; but whoever wishes to become a philosopher must learn not to be frightened by absurdities." Bertrand Russell
5%
"We do not see things as they are, we see them as we are." Anais Nin
0%
"To preserve one's mind intact through a modern college education is a test of courage and endurance, but the battle is worth it and the stakes are the highest possible... the survival of reason." Ayn Rand
0%
"There must be more equality established in society, or morality will never gain ground." Mary Wollstonecraft
0%
No matching quizzes found
Score Distribution
Percent of People with Each Score
Percentile by Number Answered
Your Score History
You have not taken this quiz